000 00599nam a22002057a 4500
999 _c6427
_d6427
003 OSt
005 20200120153325.0
008 200120b ||||| |||| 00| 0 eng d
020 _a0075526131
040 _cDDC.
082 _a338.5McC 1996.
100 _aMcConnell,Campbell,R;Brue,L.Stanley;Barbiero,P.Thomas;
_913187
245 _aMicro Economics:
_bScarcity,Wants and Choices;
250 _a8th ed.
260 _aToronto,
_bMCGraw-Hill Ryerson Limited.
_c1996.
300 _axxiv,534p;
_bcol,ill;
_c29cm.
504 _aincludes index and glossary.
650 _2Economics.
942 _2z
_cO_SHELF